zpět

Detail výsledku týmu

Zlatý Jelen, Jablonec nad Nisou

Datum a čas kvízu

35.5 Celkem bodů Celkový počet nahraných bodů na tomto kvízu bez doplňovacích otázek.
8. Pořadí na kvízu Konečné umístění týmu na tomto kvízu.

Zaznamenané odpovědi

# Otázka Odpověď Body Výsledky
1. Poradní výbor Rady Evropy vyzv... o slovenštinu 1
2. Vydavatelství Oxford Universit... C 1
3. Spousta z vás si jistě minulý... Bad Bunny 1
4. Která společnost vyhrála minul... Netflix 1
5. Ve kterém městě se minulý týde... ve Washingtonu 0
6. Jak jinak začít toto téma, než... žlutý trpaslík 0.5
7. Další otázku věnujme Zemi. Jed... 6378 km 0
8. Nyní se podíváme na planety, c... Merkur; Venuše 1
9. Na řadě je rychlost planet. Co... B 0
10. Přiřaďte názvy těchto měsíců k... 1B 2A 3D 4C 0